The Theory of Error Correcting Codes, Part II /

Na minha lista:
Detalhes bibliográficos
Main Authors: MacWilliams, Florence Jessie (Author), Sloane, Neil James Alexander (Author)
Formato: Livro
Idioma:inglês
Publicado em: Amsterdam North-holland publishing company 1977
Edição:1. vyd.
Tags: Adicionar Tag
Sem tags, seja o primeiro a adicionar uma tag!

MARC

LEADER 00000nam a22000003a 4500
001 0094480
003 SK-STU
005 20220314135551.4
007 ta
008 220314s ----xo-----e------000-0-----d
040 |a STU  |b slo 
041 0 |a eng 
044 |a ne 
100 1 |a MacWilliams, Florence Jessie  |4 aut 
245 1 0 |a The Theory of Error Correcting Codes, Part II /  |c aut. Florence Jessie MacWilliams, Neil James Alexander Sloane 
250 |a 1. vyd. 
260 |a Amsterdam  |b North-holland publishing company  |c 1977 
300 |a 762 s. 
700 1 |a Sloane, Neil James Alexander  |4 aut 
996 |c I*8M2384  |l I  |s A  |a 24  |w 0094480_0001